000 00311nam a2200109Ia 4500
008 220203s9999 xx 000 0 und d
100 _aN. Latha
245 0 _aTapping Panel Dryness: An Annotated Bibliography
260 _bRubber Research Institute of India
_aKottayam
_c2005
700 _aMercy Jose
942 _cPN
999 _c45025
_d45025